| 000 | 00439nam a22001457a 4500 | ||
|---|---|---|---|
| 003 | SGT | ||
| 082 |
_a616.01 _bS24B |
||
| 100 | _aBOORA, NAVEETA | ||
| 245 | _aSTUDY ANTIBACTERIAL ACTIVITY OF AZADIRACHTA INDICA (NEEM) EXTRACT AND COPPER-DOPED CARBON QUANTUM DOTS(CU-CQDs) AGAINST MULTIDRUG-RESISTENT BACTERIA | ||
| 260 |
_aGURUGRAM _bSGT UNIVERSITY _c2024 |
||
| 300 | _a1288 | ||
| 650 | _aMICROBIOLOGY | ||
| 653 | _aPHD | ||
| 942 |
_2ddc _cTH |
||
| 999 |
_c32484 _d32484 |
||